[Event "Quebec-ch classe"]
[Site "St-Jean CAN"]
[Date "1999.10.03"]
[Round "4"]
[White "Lesiege, Alexandre"]
[Black "Wenaas, Eric"]
[Result "1-0"]
[WhiteElo "2620"]
[BlackElo "2271"]
[WhiteFideId "-1"]
[WhiteFideId "-1"]
[PlyCount "93"]
[GameId "2160767911742102"]
[EventDate "1999.10.01"]
[EventType "swiss"]
[EventRounds "5"]
[EventCountry "CAN"]

1. d4 d5 2. c4 e6 3. Nc3 Nf6 4. cxd5 exd5 5. Bg5 Be7 6. e3 c6 7. Qc2 O-O 8. Bd3 Nbd7 9. Nge2 Re8 10. O-O Nf8 11. f3 Be6 12. e4 dxe4 13. fxe4 Qa5 14. Qd2 Rad8 15. h3 Ng6 16. Rad1 Kh8 17. Be3 a6 18. Ng3 Rd7 19. Nf5 Bf8 20. Qf2 Bxf5 21. Qxf5 Qxf5 22. Rxf5 Bb4 23. e5 Nd5 24. Nxd5 cxd5 25. Bf2 Rc8 26. Rh5 Rc6 27. Be3 Kg8 28. Rg5 Nf8 29. Rg3 Ne6 30. h4 Ba5 31. h5 Bb6 32. Bf5 Rdc7 33. Kf2 Rc4 34. Rg4 Ba7 35. Ke2 b5 36. Kd3 Ra4 37. h6 g6 38. Bxe6 fxe6 39. Rf4 Rf7 40. Rxf7 Kxf7 41. Rf1+ Ke7 42. b3 Rxa2 43. Bg5+ Ke8 44. Rf6 Rxg2 45. Rxe6+ Kf8 46. Be3 Ra2 47. Rc6 1-0

[Event "CAN-ch"]
[Site "Brantford"]
[Date "1999.08.31"]
[Round "1"]
[White "Fullbrook, Nigel"]
[Black "Lesiege, Alexandre"]
[Result "0-1"]
[WhiteElo "2225"]
[BlackElo "2553"]
[WhiteFideId "-1"]
[WhiteFideId "-1"]
[PlyCount "52"]
[GameId "2160767911742304"]
[EventDate "1999.08.31"]
[EventType "swiss"]
[EventRounds "9"]
[EventCountry "CAN"]
[SourceTitle "EXT 2000"]
[Source "ChessBase"]
[SourceDate "1999.11.18"]
[SourceVersion "1"]
[SourceVersionDate "1999.11.18"]
[SourceQuality "1"]

1. e4 c5 2. Nf3 d6 3. c3 Nf6 4. Be2 Nc6 5. d4 cxd4 6. cxd4 Nxe4 7. d5 Qa5+ 8. Nc3 Nxc3 9. bxc3 Nd8 10. O-O e5 11. dxe6 Nxe6 12. Rb1 a6 13. Nd4 Be7 14. Bf3 O-O 15. Bxb7 Bxb7 16. Rxb7 Nxd4 17. Qxd4 Bf6 18. Qxd6 Qxa2 19. Bb2 Rfd8 20. Qb6 a5 21. Qb3 Qxb3 22. Rxb3 Rdb8 23. Rxb8+ Rxb8 24. Ba1 a4 25. c4 a3 26. Bxf6 gxf6 0-1

[Event "CAN-ch"]
[Site "Brantford"]
[Date "1999.09.01"]
[Round "2"]
[White "Lesiege, Alexandre"]
[Black "Allan, Denis"]
[Result "1-0"]
[WhiteElo "2553"]
[BlackElo "2295"]
[WhiteFideId "-1"]
[WhiteFideId "-1"]
[PlyCount "57"]
[GameId "2160767911742324"]
[EventDate "1999.08.31"]
[EventType "swiss"]
[EventRounds "9"]
[EventCountry "CAN"]
[SourceTitle "EXT 2000"]
[Source "ChessBase"]
[SourceDate "1999.11.18"]
[SourceVersion "1"]
[SourceVersionDate "1999.11.18"]
[SourceQuality "1"]

1. d4 Nf6 2. c4 e5 3. dxe5 Ng4 4. Bf4 Bb4+ 5. Nd2 d6 6. exd6 Qf6 7. e3 g5 8. Bg3 h5 9. h4 Qxb2 10. Ngf3 gxh4 11. Rxh4 Bf5 12. Qc1 Qg7 13. Nd4 Nxe3 14. Nxf5 Nxf5 15. Re4+ Kf8 16. Be5 f6 17. dxc7 Nc6 18. Bc3 Bd6 19. Re6 Be5 20. Bxe5 fxe5 21. Qb1 e4 22. Nxe4 Nfe7 23. Rf6+ Kg8 24. c5 Rh6 25. Bc4+ Kh8 26. Rxh6+ Qxh6 27. Qb2+ Qg7 28. Qxg7+ Kxg7 29. O-O-O 1-0

[Event "CAN-ch"]
[Site "Brantford"]
[Date "1999.09.02"]
[Round "3"]
[White "Zugic, Igor"]
[Black "Lesiege, Alexandre"]
[Result "0-1"]
[WhiteElo "2406"]
[BlackElo "2553"]
[WhiteFideId "-1"]
[WhiteFideId "-1"]
[PlyCount "96"]
[GameId "2160767911742339"]
[EventDate "1999.08.31"]
[EventType "swiss"]
[EventRounds "9"]
[EventCountry "CAN"]
[SourceTitle "EXT 2000"]
[Source "ChessBase"]
[SourceDate "1999.11.18"]
[SourceVersion "1"]
[SourceVersionDate "1999.11.18"]
[SourceQuality "1"]

1. d4 d5 2. c4 c6 3. Nf3 Nf6 4. Nc3 e6 5. cxd5 exd5 6. Bg5 Bf5 7. Bxf6 Qxf6 8. e3 Bd6 9. Bd3 Nd7 10. Rc1 O-O 11. h3 Rae8 12. Qc2 Bxd3 13. Qxd3 Re6 14. Kd2 Qe7 15. Kc2 f5 16. Kb1 f4 17. exf4 Rxf4 18. Rc2 Bb4 19. Ne2 Rfe4 20. Ng3 Bd6 21. Nf5 Qf6 22. Nxd6 Rxd6 23. Rd1 Qg6 24. g3 Rf6 25. Nh4 Qh5 26. Rh1 Nf8 27. f3 Re8 28. Rf2 Rfe6 29. Ng2 Qf7 30. Rd1 Qf6 31. h4 Nd7 32. g4 Nb6 33. g5 Qe7 34. b3 Nc8 35. f4 Re2 36. Rd2 Rxd2 37. Rxd2 Nd6 38. Kb2 Qe4 39. Qxe4 Rxe4 40. Kc2 Nb5 41. h5 Nxd4+ 42. Kd3 Nf5 43. Rf2 Ng3 44. h6 gxh6 45. gxh6 Nf5 46. Rf3 Kf7 47. Kd2 Re6 48. Ne1 Rxh6 0-1

[Event "CAN-ch"]
[Site "Brantford"]
[Date "1999.09.03"]
[Round "4"]
[White "Lesiege, Alexandre"]
[Black "Spraggett, Kevin"]
[Result "1/2-1/2"]
[WhiteElo "2553"]
[BlackElo "2521"]
[WhiteFideId "-1"]
[WhiteFideId "-1"]
[PlyCount "49"]
[GameId "2160767911742347"]
[EventDate "1999.08.31"]
[EventType "swiss"]
[EventRounds "9"]
[EventCountry "CAN"]
[SourceTitle "EXT 2000"]
[Source "ChessBase"]
[SourceDate "1999.11.18"]
[SourceVersion "1"]
[SourceVersionDate "1999.11.18"]
[SourceQuality "1"]

1. d4 d5 2. c4 c6 3. Nf3 Nf6 4. Nc3 dxc4 5. a4 Bf5 6. e3 e6 7. Bxc4 Bb4 8. O-O O-O 9. Qe2 Bg6 10. Ne5 Nbd7 11. Nxg6 hxg6 12. Rd1 Qa5 13. e4 Bxc3 14. bxc3 Qxc3 15. Ra3 Qa5 16. e5 Nh7 17. h4 Rfd8 18. h5 Ndf8 19. h6 Rd7 20. hxg7 Kxg7 21. Rh3 Qxa4 22. Ba3 Ng5 23. Rg3 Ne4 24. Rh3 Ng5 25. Rg3 1/2-1/2

[Event "CAN-ch"]
[Site "Brantford"]
[Date "1999.09.04"]
[Round "5"]
[White "Lesiege, Alexandre"]
[Black "Yoos, John"]
[Result "1-0"]
[WhiteElo "2553"]
[BlackElo "2302"]
[WhiteFideId "-1"]
[WhiteFideId "-1"]
[PlyCount "87"]
[GameId "2160767911742362"]
[EventDate "1999.08.31"]
[EventType "swiss"]
[EventRounds "9"]
[EventCountry "CAN"]
[SourceTitle "EXT 2000"]
[Source "ChessBase"]
[SourceDate "1999.11.18"]
[SourceVersion "1"]
[SourceVersionDate "1999.11.18"]
[SourceQuality "1"]

1. c4 g6 2. Nc3 d6 3. g3 Bg7 4. Bg2 Nf6 5. Nf3 O-O 6. O-O Nc6 7. d3 e5 8. Rb1 h6 9. b4 Be6 10. b5 Ne7 11. Nd2 Qc8 12. a4 Bh3 13. e4 Bxg2 14. Kxg2 Nh7 15. Nd5 Qd7 16. Nf3 Kh8 17. a5 Rfe8 18. Bd2 Nxd5 19. cxd5 f5 20. Nh4 Qf7 21. b6 cxb6 22. axb6 a6 23. Rc1 Bf6 24. Bxh6 Bxh4 25. gxh4 Re7 26. Qf3 Rg8 27. Bg5 Rd7 28. Rc4 Nf6 29. Rfc1 Ne8 30. Rc8 Ng7 31. R8c7 Ne8 32. Rxd7 Qxd7 33. h5 Qh7 34. h6 Qd7 35. h4 Rf8 36. Kh2 Rf7 37. Qg3 Kh7 38. Rg1 f4 39. Qg2 Nf6 40. Bxf6 Rxf6 41. Qg5 Qf7 42. Rc1 Qf8 43. Rc7+ Rf7 44. Qf6 1-0

[Event "CAN-ch"]
[Site "Brantford"]
[Date "1999.09.05"]
[Round "6"]
[White "Hamilton, Robert"]
[Black "Lesiege, Alexandre"]
[Result "0-1"]
[WhiteElo "2315"]
[BlackElo "2553"]
[WhiteFideId "-1"]
[WhiteFideId "-1"]
[PlyCount "66"]
[GameId "2160767911742370"]
[EventDate "1999.08.31"]
[EventType "swiss"]
[EventRounds "9"]
[EventCountry "CAN"]
[SourceTitle "EXT 2000"]
[Source "ChessBase"]
[SourceDate "1999.11.18"]
[SourceVersion "1"]
[SourceVersionDate "1999.11.18"]
[SourceQuality "1"]

1. d4 d5 2. c4 e6 3. Nc3 c6 4. e3 Nf6 5. Nf3 Nbd7 6. a3 Bd6 7. b4 O-O 8. Bb2 Qe7 9. cxd5 exd5 10. b5 Ne4 11. Nxe4 dxe4 12. Nd2 cxb5 13. Bxb5 Qg5 14. Bf1 Nf6 15. g3 Bg4 16. Qb1 Rac8 17. Bg2 Qb5 18. Bf1 Qa5 19. Bg2 Rfe8 20. h3 Bd7 21. Bc1 Bb5 22. Bf1 Ba4 23. Be2 Nd5 24. Bg4 Nc3 25. Qb2 f5 26. Nb3 Qb5 27. Nc5 fxg4 28. Qxc3 Rxc5 29. dxc5 Be5 30. Qb4 Qxb4+ 31. axb4 Bxa1 32. hxg4 Rd8 33. Bd2 Bc3 0-1

[Event "CAN-ch"]
[Site "Brantford"]
[Date "1999.09.07"]
[Round "7"]
[White "Ross, Dave"]
[Black "Lesiege, Alexandre"]
[Result "1/2-1/2"]
[WhiteElo "2345"]
[BlackElo "2553"]
[WhiteFideId "-1"]
[WhiteFideId "-1"]
[PlyCount "51"]
[GameId "2160767911742390"]
[EventDate "1999.08.31"]
[EventType "swiss"]
[EventRounds "9"]
[EventCountry "CAN"]
[SourceTitle "EXT 2000"]
[Source "ChessBase"]
[SourceDate "1999.11.18"]
[SourceVersion "1"]
[SourceVersionDate "1999.11.18"]
[SourceQuality "1"]

1. Nf3 d5 2. c4 c6 3. b3 Nf6 4. g3 Bf5 5. Bb2 e6 6. Bg2 Nbd7 7. O-O h6 8. d3 Bc5 9. Nbd2 O-O 10. Rc1 Re8 11. Rc2 a5 12. Qa1 Qb6 13. Bd4 Bxd4 14. Nxd4 Bg4 15. N4f3 e5 16. cxd5 cxd5 17. Qc3 e4 18. dxe4 dxe4 19. Nc4 Qa6 20. Nd4 Nd5 21. Qd2 N7f6 22. h3 Bh5 23. a3 Bg6 24. e3 b5 25. Nb2 b4 26. Ra1 1/2-1/2

[Event "CAN-ch"]
[Site "Brantford"]
[Date "1999.09.08"]
[Round "8"]
[White "Lesiege, Alexandre"]
[Black "Nickoloff, Bryon"]
[Result "1/2-1/2"]
[WhiteElo "2553"]
[BlackElo "2421"]
[WhiteFideId "-1"]
[WhiteFideId "-1"]
[PlyCount "53"]
[GameId "2160767911742399"]
[EventDate "1999.08.31"]
[EventType "swiss"]
[EventRounds "9"]
[EventCountry "CAN"]
[SourceTitle "EXT 2000"]
[Source "ChessBase"]
[SourceDate "1999.11.18"]
[SourceVersion "1"]
[SourceVersionDate "1999.11.18"]
[SourceQuality "1"]

1. Nf3 d5 2. d4 Nf6 3. c4 e6 4. Nc3 c5 5. cxd5 Nxd5 6. e4 Nxc3 7. bxc3 cxd4 8. cxd4 Bb4+ 9. Bd2 Bxd2+ 10. Qxd2 O-O 11. Bc4 Nc6 12. O-O b6 13. Rad1 Bb7 14. Rfe1 Na5 15. Bd3 h6 16. Qf4 Qe7 17. d5 Rad8 18. h4 Qd6 19. e5 Qxd5 20. Bh7+ Kxh7 21. Rxd5 Bxd5 22. Rc1 Bxa2 23. Rc7 Kg8 24. Rxa7 Bd5 25. Nh2 Nc6 26. Ra1 Ne7 27. h5 1/2-1/2

[Event "CAN-ch"]
[Site "Brantford"]
[Date "1999.09.09"]
[Round "9"]
[White "Lesiege, Alexandre"]
[Black "Day, Lawrence"]
[Result "1/2-1/2"]
[WhiteElo "2553"]
[BlackElo "2319"]
[WhiteFideId "-1"]
[WhiteFideId "-1"]
[PlyCount "23"]
[GameId "2160767911742413"]
[EventDate "1999.08.31"]
[EventType "swiss"]
[EventRounds "9"]
[EventCountry "CAN"]
[SourceTitle "EXT 2000"]
[Source "ChessBase"]
[SourceDate "1999.11.18"]
[SourceVersion "1"]
[SourceVersionDate "1999.11.18"]
[SourceQuality "1"]

1. e4 c5 2. f4 d5 3. exd5 Nf6 4. b3 Nxd5 5. Bb2 Nxf4 6. Qf3 e5 7. Bxe5 Ne6 8. Bb5+ Nd7 9. Ne2 Be7 10. O-O O-O 11. Bb2 Bf6 12. Bxf6 1/2-1/2

[Event "MK Cafe Cup Open A"]
[Site "Koszalin POL"]
[Date "1999.08.06"]
[Round "4"]
[White "Lesiege, Alexandre"]
[Black "Bobrowska, Monika"]
[Result "1-0"]
[WhiteElo "2553"]
[BlackElo "2438"]
[WhiteFideId "-1"]
[WhiteFideId "-1"]
[PlyCount "81"]
[GameId "2129405161372194"]
[EventDate "1999.08.03"]
[EventType "swiss"]
[EventRounds "10"]
[EventCountry "POL"]

1. d4 Nf6 2. c4 g6 3. Nc3 Bg7 4. e4 d6 5. Nf3 O-O 6. Be2 e5 7. O-O Nc6 8. d5 Ne7 9. b4 a5 10. Ba3 axb4 11. Bxb4 Nd7 12. a4 Bh6 13. Nd2 f5 14. Bd3 Bxd2 15. Qxd2 f4 16. Nb5 g5 17. c5 dxc5 18. Nxc7 Qxc7 19. d6 Qd8 20. dxe7 Qxe7 21. Bc4+ Kh8 22. Bc3 Nf6 23. Qb2 Re8 24. Bb5 Bd7 25. Bxd7 Nxd7 26. f3 Nb8 27. Rfb1 Ra7 28. Qb6 Nc6 29. Rb5 g4 30. fxg4 f3 31. Qxc5 Qf7 32. Rf1 Rxa4 33. Rxf3 Qg7 34. h3 Rxe4 35. Rxb7 Qxb7 36. Rf8+ Kg7 37. Rxe8 Qb1+ 38. Kh2 Qf1 39. Bd2 Nd4 40. Qe7+ Qf7 41. Bh6+ 1-0

[Event "MK Cafe Cup-A"]
[Site "Koszalin"]
[Date "1999.08.03"]
[Round "1"]
[White "Sapis, Witalis"]
[Black "Lesiege, Alexandre"]
[Result "0-1"]
[WhiteElo "2429"]
[BlackElo "2553"]
[WhiteFideId "-1"]
[WhiteFideId "-1"]
[PlyCount "102"]
[GameId "1165542810869760"]
[EventDate "1999.08.03"]
[EventType "swiss"]
[EventRounds "9"]
[EventCountry "POL"]
[SourceTitle "CBM 073"]
[Source "ChessBase"]
[SourceDate "1999.12.01"]
[SourceVersion "1"]
[SourceVersionDate "1999.12.01"]
[SourceQuality "1"]

1. d4 Nf6 2. c4 e6 3. Nf3 d5 4. cxd5 exd5 5. Nc3 c6 6. Qc2 Na6 7. Bg5 Nb4 8. Qd2 Bf5 9. Rc1 a5 10. a3 Na6 11. Qf4 Bg6 12. Bxf6 Qxf6 13. Qxf6 gxf6 14. g3 Nb8 15. Bh3 b5 16. O-O b4 17. Nxd5 cxd5 18. Rc8+ Ke7 19. Nh4 Bg7 20. Rc7+ Kd6 21. Rfc1 f5 22. e3 Ke6 23. Rb7 Ra6 24. Rcc7 Bf6 25. Ng2 Bg5 26. Ne1 bxa3 27. bxa3 Kd6 28. Rc5 Nd7 29. Rcc7 Rd8 30. Ra7 Rxa7 31. Rxa7 Rb8 32. Rxa5 Rb1 33. Kf1 Bd8 34. Ra8 Be7 35. Ke2 Bh5+ 36. f3 Rb2+ 37. Kf1 Bg6 38. Nd3 Rb3 39. Ke2 Nb6 40. Ra6 Kc7 41. Ra7+ Kd8 42. Ne5 Bxa3 43. Nxf7+ Ke8 44. Ne5 Nc4 45. Nd3 Rc3 46. Nf4 Rc2+ 47. Kd3 Rd2+ 48. Kc3 Bb2+ 49. Kb4 Nxe3 50. Kb5 Bxd4 51. Ra4 Ke7 0-1

[Event "MK Cafe Cup-A"]
[Site "Koszalin"]
[Date "1999.08.04"]
[Round "2"]
[White "Lesiege, Alexandre"]
[Black "Filippov, Valerij"]
[Result "0-1"]
[WhiteElo "2553"]
[BlackElo "2605"]
[WhiteFideId "-1"]
[WhiteFideId "-1"]
[PlyCount "62"]
[GameId "1166642025148416"]
[EventDate "1999.08.03"]
[EventType "swiss"]
[EventRounds "9"]
[EventCountry "POL"]
[SourceTitle "CBM 073"]
[Source "ChessBase"]
[SourceDate "1999.12.01"]
[SourceVersion "1"]
[SourceVersionDate "1999.12.01"]
[SourceQuality "1"]

1. d4 d5 2. c4 e6 3. Nc3 c6 4. Nf3 Nf6 5. Bg5 h6 6. Bxf6 Qxf6 7. e3 Nd7 8. Bd3 dxc4 9. Bxc4 g6 10. O-O Bg7 11. Rc1 O-O 12. Re1 Rd8 13. Qc2 Qe7 14. a3 b6 15. e4 Bb7 16. e5 a6 17. Rcd1 b5 18. Bf1 c5 19. d5 c4 20. a4 Rac8 21. axb5 axb5 22. h4 b4 23. dxe6 Qxe6 24. Rd6 Qe8 25. e6 Bxf3 26. e7 Ne5 27. exd8=Q Rxd8 28. Rxe5 Bxe5 29. Rxd8 Qxd8 30. Bxc4 Qxh4 31. Qxg6+ Kh8 0-1

[Event "MK Cafe Cup-A"]
[Site "Koszalin"]
[Date "1999.08.05"]
[Round "3"]
[White "Pedzich, Dominik"]
[Black "Lesiege, Alexandre"]
[Result "0-1"]
[WhiteElo "2428"]
[BlackElo "2553"]
[WhiteFideId "-1"]
[WhiteFideId "-1"]
[PlyCount "90"]
[GameId "1166642025242624"]
[EventDate "1999.08.03"]
[EventType "swiss"]
[EventRounds "9"]
[EventCountry "POL"]
[SourceTitle "CBM 073"]
[Source "ChessBase"]
[SourceDate "1999.12.01"]
[SourceVersion "1"]
[SourceVersionDate "1999.12.01"]
[SourceQuality "1"]

1. e4 c5 2. Nf3 d6 3. Bb5+ Bd7 4. Bxd7+ Qxd7 5. O-O Nc6 6. c3 Nf6 7. Qe2 e6 8. d4 cxd4 9. cxd4 d5 10. e5 Ne4 11. Be3 Be7 12. Ne1 f6 13. f3 Ng5 14. Nd3 Nf7 15. f4 O-O 16. Nd2 Nh6 17. Nf3 Rae8 18. Rac1 Rc8 19. Rc2 Ng4 20. Bd2 Nh6 21. Be3 Bd8 22. h3 Bb6 23. Bf2 fxe5 24. dxe5 Nf5 25. Bxb6 axb6 26. Qf2 d4 27. Re1 Qd5 28. b3 Rcd8 29. Rd2 h6 30. Kh2 Ne3 31. Ree2 Nf5 32. Kg1 Rd7 33. Nh2 Ne3 34. Nf3 Rfd8 35. Nh2 Ne7 36. Qf3 Qa5 37. Qe4 N7f5 38. Kf2 Nd5 39. Qf3 Rc7 40. Nf1 Rc3 41. Qe4 Rf8 42. g3 Qb5 43. Kg2 Nde3+ 44. Nxe3 dxe3 45. Rd1 Rd8 0-1

[Event "MK Cafe Cup-A"]
[Site "Koszalin"]
[Date "1999.08.07"]
[Round "5"]
[White "Bologan, Viktor"]
[Black "Lesiege, Alexandre"]
[Result "1/2-1/2"]
[WhiteElo "2620"]
[BlackElo "2553"]
[WhiteFideId "-1"]
[WhiteFideId "-1"]
[PlyCount "75"]
[GameId "1165542811078656"]
[EventDate "1999.08.03"]
[EventType "swiss"]
[EventRounds "9"]
[EventCountry "POL"]
[SourceTitle "CBM 073"]
[Source "ChessBase"]
[SourceDate "1999.12.01"]
[SourceVersion "1"]
[SourceVersionDate "1999.12.01"]
[SourceQuality "1"]

1. e4 c5 2. Nf3 d6 3. d4 cxd4 4. Nxd4 Nf6 5. Nc3 a6 6. Be3 Nc6 7. Be2 e6 8. Qd2 Be7 9. f4 O-O 10. O-O-O Qc7 11. Kb1 Bd7 12. g4 Nxd4 13. Qxd4 Bc6 14. g5 Nd7 15. h4 Nc5 16. Bf3 Rad8 17. h5 f6 18. g6 f5 19. h6 Bf6 20. hxg7 Bxg7 21. Rxh7 fxe4 22. Nxe4 Bxd4 23. Bxd4 Qxh7 24. gxh7+ Kxh7 25. Rh1+ Kg6 26. Rg1+ Kf5 27. Nxd6+ Rxd6 28. Bxc5 Bxf3 29. Bxd6 Rd8 30. Rg5+ Ke4 31. Re5+ Kxf4 32. Rxe6+ Kf5 33. Re5+ Kg4 34. Re6 Kf5 35. Rh6 Kg5 36. Re6 Kf5 37. Re5+ Kg6 38. Re6+ 1/2-1/2

[Event "MK Cafe Cup-A"]
[Site "Koszalin"]
[Date "1999.08.10"]
[Round "7"]
[White "Dvoirys, Semen I"]
[Black "Lesiege, Alexandre"]
[Result "1-0"]
[WhiteElo "2590"]
[BlackElo "2553"]
[WhiteFideId "-1"]
[WhiteFideId "-1"]
[PlyCount "45"]
[GameId "1165542811189248"]
[EventDate "1999.08.03"]
[EventType "swiss"]
[EventRounds "9"]
[EventCountry "POL"]
[SourceTitle "CBM 073"]
[Source "ChessBase"]
[SourceDate "1999.12.01"]
[SourceVersion "1"]
[SourceVersionDate "1999.12.01"]
[SourceQuality "1"]

1. e4 c5 2. Nf3 d6 3. d4 cxd4 4. Nxd4 Nf6 5. Nc3 a6 6. Bg5 e6 7. f4 Qc7 8. f5 Nc6 9. fxe6 fxe6 10. Bc4 Nxd4 11. Qxd4 Be7 12. Bb3 b5 13. a4 Rb8 14. axb5 axb5 15. Ra7 Qb6 16. Nxb5 Bd7 17. Nc7+ Kf7 18. Nxe6 Bxe6 19. Bxe6+ Kxe6 20. Qc4+ d5 21. exd5+ Kf5 22. Rxe7 Kxg5 23. h4+ 1-0

[Event "MK Cafe Cup-A"]
[Site "Koszalin"]
[Date "1999.08.11"]
[Round "8"]
[White "Lesiege, Alexandre"]
[Black "Pigusov, Evgeny"]
[Result "1/2-1/2"]
[WhiteElo "2553"]
[BlackElo "2609"]
[WhiteFideId "-1"]
[WhiteFideId "-1"]
[PlyCount "66"]
[GameId "1166642025709568"]
[EventDate "1999.08.03"]
[EventType "swiss"]
[EventRounds "9"]
[EventCountry "POL"]
[SourceTitle "CBM 073"]
[Source "ChessBase"]
[SourceDate "1999.12.01"]
[SourceVersion "1"]
[SourceVersionDate "1999.12.01"]
[SourceQuality "1"]

1. d4 Nf6 2. c4 e6 3. Nc3 c5 4. d5 exd5 5. cxd5 d6 6. e4 g6 7. f4 Bg7 8. Bb5+ Nfd7 9. a4 a6 10. Be2 O-O 11. Nf3 Re8 12. O-O Nf8 13. h3 Nbd7 14. Re1 Rb8 15. Bf1 h6 16. Be3 Nh7 17. Qc2 Nhf6 18. Rad1 b5 19. axb5 axb5 20. Bxb5 Rxb5 21. Nxb5 Nxe4 22. Bd4 Ndf6 23. Bxf6 Nxf6 24. Rxe8+ Nxe8 25. Nc3 Nf6 26. Qa4 Bd7 27. Qa7 Nh5 28. Ra1 Kh7 29. Qb7 Qe7 30. Re1 Bd4+ 31. Kh1 Qxe1+ 32. Nxe1 Ng3+ 33. Kh2 Nf1+ 1/2-1/2

[Event "MK Cafe Cup-A"]
[Site "Koszalin"]
[Date "1999.08.12"]
[Round "9"]
[White "Timoshenko, Georgy"]
[Black "Lesiege, Alexandre"]
[Result "0-1"]
[WhiteElo "2576"]
[BlackElo "2553"]
[WhiteFideId "-1"]
[WhiteFideId "-1"]
[PlyCount "108"]
[GameId "1165542811353088"]
[EventDate "1999.08.03"]
[EventType "swiss"]
[EventRounds "9"]
[EventCountry "POL"]
[SourceTitle "CBM 073"]
[Source "ChessBase"]
[SourceDate "1999.12.01"]
[SourceVersion "1"]
[SourceVersionDate "1999.12.01"]
[SourceQuality "1"]

1. e4 c5 2. Nf3 d6 3. d4 cxd4 4. Nxd4 Nf6 5. Nc3 a6 6. Be2 e6 7. O-O Be7 8. f4 O-O 9. Kh1 Qc7 10. a4 Nc6 11. Be3 Re8 12. Bf3 Rb8 13. Qd2 Bd7 14. Nb3 b6 15. g4 Bc8 16. g5 Nd7 17. Qf2 Na5 18. Nd4 Bf8 19. Bg2 Nc4 20. Bc1 Bb7 21. b3 Na5 22. Bb2 Nc6 23. Nf3 g6 24. Rad1 Bg7 25. f5 Nde5 26. f6 Bf8 27. Qh4 Ba8 28. Ne2 b5 29. Nf4 Red8 30. axb5 Rxb5 31. Rde1 Qb6 32. Bc1 Qc5 33. Rf2 Nxf3 34. Bxf3 Nd4 35. Bd1 Nf5 36. Nxe6 Nxh4 37. Nxc5 Rxc5 38. Kg1 Re8 39. Kf1 Bxe4 40. Rf4 Bg2+ 41. Kf2 Rxe1 42. Kxe1 Nf5 43. Rb4 Rc8 44. Rb6 d5 45. Rxa6 Bb4+ 46. Kf2 Be4 47. c4 dxc4 48. bxc4 Rxc4 49. Bb2 Bb7 50. Ra2 Rf4+ 51. Ke2 Bf3+ 52. Kd3 Bxd1 53. Ra8+ Bf8 54. Kd2 Rf2+ 0-1

[Event "MK Cafe Cup-A"]
[Site "Koszalin"]
[Date "1999.08.13"]
[Round "10"]
[White "Lesiege, Alexandre"]
[Black "Khenkin, Igor"]
[Result "1-0"]
[WhiteElo "2553"]
[BlackElo "2633"]
[WhiteFideId "-1"]
[WhiteFideId "-1"]
[PlyCount "99"]
[GameId "1166642025889792"]
[EventDate "1999.08.03"]
[EventType "swiss"]
[EventRounds "9"]
[EventCountry "POL"]
[SourceTitle "CBM 073"]
[Source "ChessBase"]
[SourceDate "1999.12.01"]
[SourceVersion "1"]
[SourceVersionDate "1999.12.01"]
[SourceQuality "1"]

1. c4 e6 2. d4 d5 3. Nc3 c6 4. Nf3 dxc4 5. g3 Nf6 6. Bg2 Nbd7 7. O-O b5 8. e4 Bb7 9. e5 Nd5 10. Ng5 h6 11. Nxe6 fxe6 12. Qh5+ Ke7 13. Bg5+ hxg5 14. Qxh8 N7b6 15. Ne4 Kd7 16. Qg8 Qe8 17. Qh7 Na4 18. f4 Kc7 19. fxg5 Kb6 20. Rf3 Qd7 21. Raf1 Ne3 22. Rxe3 Qxd4 23. Rff3 Nxb2 24. Kh1 Nd3 25. Re2 Nxe5 26. Rf1 c3 27. Qg8 Ba3 28. Qxg7 c5 29. Nxc3 Nc6 30. Qxd4 cxd4 31. Nb1 Be7 32. Rxe6 Bxg5 33. Rf5 Rc8 34. h4 Bc1 35. Be4 b4 36. h5 Ba6 37. h6 Bc4 38. Rxc6+ Rxc6 39. Bxc6 Bxh6 40. Rf6 Bg5 41. Rg6 Be3 42. Bd5+ Kc5 43. Bxc4 Kxc4 44. Kg2 Kd3 45. Rc6 Ke2 46. g4 d3 47. Re6 d2 48. Nxd2 Kxd2 49. Rxe3 Kxe3 50. g5 1-0

[Event "Quebec-ch"]
[Site "Montreal CAN"]
[Date "1999.06.23"]
[Round "2.1"]
[White "Lesiege, Alexandre"]
[Black "Charbonneau, Pascal"]
[Result "1-0"]
[WhiteElo "2521"]
[BlackElo "2299"]
[WhiteFideId "-1"]
[WhiteFideId "-1"]
[PlyCount "59"]
[GameId "2160767911743336"]
[EventDate "1999.06.05"]
[EventType "k.o."]
[EventRounds "4"]
[EventCountry "CAN"]
[SourceTitle "EXT 2000"]
[Source "ChessBase"]
[SourceDate "1999.11.18"]
[SourceVersion "1"]
[SourceVersionDate "1999.11.18"]
[SourceQuality "1"]

1. d4 d5 2. c4 dxc4 3. e3 e5 4. Bxc4 exd4 5. exd4 Nf6 6. Nc3 Be7 7. Nf3 O-O 8. O-O Bg4 9. Re1 Nbd7 10. Bg5 Nb6 11. Bb3 Bh5 12. Qd3 c6 13. Ne5 Nfd5 14. Bxe7 Nxe7 15. Qh3 Bg6 16. Rad1 Bf5 17. Nxf7 Rxf7 18. Bxf7+ Kxf7 19. Rxe7+ Qxe7 20. Qxf5+ Kg8 21. Qc5 Qe6 22. h3 Rd8 23. a4 Qb3 24. Re1 Qxb2 25. Qe7 Rf8 26. Qe6+ Kh8 27. Qf7 Nd7 28. Re8 Qa3 29. Qxd7 Qc1+ 30. Nd1 1-0

[Event "Quebec-ch"]
[Site "Montreal CAN"]
[Date "1999.06.23"]
[Round "2.2"]
[White "Charbonneau, Pascal"]
[Black "Lesiege, Alexandre"]
[Result "0-1"]
[WhiteElo "2299"]
[BlackElo "2521"]
[WhiteFideId "-1"]
[WhiteFideId "-1"]
[PlyCount "108"]
[GameId "2160767911743338"]
[EventDate "1999.06.05"]
[EventType "k.o."]
[EventRounds "4"]
[EventCountry "CAN"]
[SourceTitle "EXT 2000"]
[Source "ChessBase"]
[SourceDate "1999.11.18"]
[SourceVersion "1"]
[SourceVersionDate "1999.11.18"]
[SourceQuality "1"]

1. e4 c5 2. Nf3 d6 3. d4 cxd4 4. Nxd4 Nf6 5. Nc3 a6 6. f4 e5 7. Nf3 Qc7 8. a4 Nbd7 9. Bd3 Be7 10. O-O O-O 11. Qe1 Re8 12. fxe5 Nxe5 13. Nxe5 dxe5 14. Bg5 Be6 15. Kh1 Nd7 16. Bxe7 Rxe7 17. Qh4 Nc5 18. Be2 Rae8 19. Ra3 Qc6 20. b4 Nd7 21. Nd5 Bxd5 22. exd5 Qxd5 23. Rd3 Qc6 24. Rh3 Nf8 25. b5 Qc8 26. bxa6 bxa6 27. Bc4 e4 28. Rc3 Rc7 29. Qh5 g6 30. Qe2 Qd8 31. Re3 Qd4 32. Bxa6 Ree7 33. c4 f5 34. Rd1 Qf6 35. Bb5 Ne6 36. Qd2 Nc5 37. Qd5+ Kg7 38. g3 Red7 39. Bxd7 Rxd7 40. Qxd7+ Nxd7 41. Rxd7+ Kh6 42. Rd1 Qb6 43. Rde1 Kh5 44. h3 Qb4 45. Rc1 Qxa4 46. c5 Qc6 47. Kg1 Kg5 48. Rb3 h5 49. Rb6 Qd5 50. c6 Qd3 51. Rbb1 h4 52. gxh4+ Kxh4 53. c7 Kg3 54. Rf1 Qd2 0-1